<?xml version="1.0" encoding="UTF-8"?>
<marc:record xmlns:marc="http://www.loc.gov/MARC21/slim">
   <marc:leader>00000nam a2200000 a 4500</marc:leader>
   <marc:datafield ind1="1" ind2=" " tag="100">
      <marc:subfield code="a">Hennig, Tessa</marc:subfield>
      <marc:subfield code="4">aut</marc:subfield>
      <marc:subfield code="e">Verfasser/-in</marc:subfield>
   </marc:datafield>
   <marc:datafield ind1="0" ind2="0" tag="245">
      <marc:subfield code="a">Mit Oma in Roma</marc:subfield>
   </marc:datafield>
   <marc:datafield ind1="0" ind2="0" tag="245">
      <marc:subfield code="b">Roman</marc:subfield>
   </marc:datafield>
   <marc:datafield ind1="0" ind2="0" tag="245">
      <marc:subfield code="c">Tessa Hennig</marc:subfield>
   </marc:datafield>
   <marc:datafield ind1=" " ind2="1" tag="264">
      <marc:subfield code="a">Frankfurt/M.</marc:subfield>
      <marc:subfield code="b">Ullstein</marc:subfield>
      <marc:subfield code="c">2016</marc:subfield>
   </marc:datafield>
   <marc:datafield ind1="1" ind2=" " tag="520">
      <marc:subfield code="a">Wo zum Teufel ist Oma? Nina Ritter beginnt sich ernsthaft Sorgen zu machen, als sie in der Wohnung ihrer Großmutter Unterlagen zum Thema Sterbehilfe findet. Gemeinsam mit ihrer Mutter Heike macht sie sich auf die Suche nach dem vermeintlich lebensmüden Familienoberhaupt. Wie sich schnell herausstellt, ist Oma Inge jedoch quicklebendig und unternimmt gerade die Reise ihres Lebens: Einmal im Leben nach Rom fahren und den Papst sehen! Auf ihre Familie hat sie allerdings weniger Lust. Und so beginnt für Nina und Heike ein turbulenter Trip durch Italien &#x96; immer auf den Spuren von Oma Inge und ihrem geheimnisvollen Begleiter.</marc:subfield>
   </marc:datafield>
   <marc:datafield ind1=" " ind2=" " tag="020">
      <marc:subfield code="a">9783548612577</marc:subfield>
      <marc:subfield code="9">9783548612577</marc:subfield>
   </marc:datafield>
   <marc:datafield ind1=" " ind2=" " tag="020">
      <marc:subfield code="a">3548612571</marc:subfield>
      <marc:subfield code="9">3548612571</marc:subfield>
   </marc:datafield>
</marc:record>
